Historical figures by picture - E - Statistics

General Stats
  • This quiz has been taken 716 times
  • The average score is 8 of 16
Answer Stats
Picture Hint Answer % Correct
1879-1955 Einstein
99%
1533-1603 Elizabeth
93%
1890-1969 Eisenhower
88%
1897-1937? Earhart
77%
1949-1993 Escobar
75%
1847-1931 Edison
72%
1239-1307 Edward
53%
1832-1923 Eiffel
39%
4th century BCE Euclid
34%
1899-1974 Ellington
31%
1906-1962 Eichmann
27%
ca. 970- ca. 1025 Erikson
26%
ca. 1466-1536 Erasmus
20%
ca. 1122-1204 Eleanor of Aquitaine
13%
1707-1783 Euler
12%
Ca. 1745-1797 Equiano
4%
No matching quizzes found
Score Distribution
Percent of People with Each Score
Percentile by Number Answered
Your Score History
You have not taken this quiz